| 000 | 00689nam a2200181Ia 4500 | ||
|---|---|---|---|
| 008 | 100920s9999 xx 000 0 und d | ||
| 082 |
_b27222 _a891.43 थ 67 |
||
| 100 | _aआचार्य चतुरसेन. | ||
| 245 | _aसह्यािद्र की चट्टाने. | ||
| 260 |
_bराजपाल एण्ड सन्स ,कश्मीरी गेट, दिल्ली. _c1967 |
||
| 300 |
_a155 _bसाधी |
||
| 365 | _b3.5 | ||
| 520 | _aहिंदी. | ||
| 630 | _aसह्यािद्र की चट्टाने. | ||
| 650 | _aहिंदी. | ||
| 730 | _aसह्यािद्र की चट्टाने. | ||
| 942 | _cBOOK | ||
| 999 |
_c684135 _d684132 |
||